Innovation management and new product development / (Record no. 2801)

000 -LEADER
fixed length control field 01255cam a2200349 a 4500
001 - CONTROL NUMBER
control field 15099161
003 - CONTROL NUMBER IDENTIFIER
control field OSt
005 - DATE AND TIME OF LATEST TRANSACTION
control field 20160818094451.0
008 - FIXED-LENGTH DATA ELEMENTS--GENERAL INFORMATION
fixed length control field 071130s2008 enka b 001 0 eng
010 ## - LIBRARY OF CONGRESS CONTROL NUMBER
LC control number 2007048699
020 ## - INTERNATIONAL STANDARD BOOK NUMBER
International Standard Book Number 9780273713159 (alk. paper)
020 ## - INTERNATIONAL STANDARD BOOK NUMBER
International Standard Book Number 0273713159 (alk. paper)
035 ## - SYSTEM CONTROL NUMBER
System control number (OCoLC)182779455
035 ## - SYSTEM CONTROL NUMBER
System control number (OCoLC)ocn182779455
040 ## - CATALOGING SOURCE
Original cataloging agency DLC
Transcribing agency DLC
Modifying agency BAKER
-- BWKUK
-- BWK
-- NLGGC
-- YDXCP
-- DLC
050 00 - LIBRARY OF CONGRESS CALL NUMBER
Classification number HD45.T76 2008
082 00 - DEWEY DECIMAL CLASSIFICATION NUMBER
Classification number 658.5/75
Edition number 22
084 ## - OTHER CLASSIFICATION NUMBER
Classification number 85.15
Source of number bcl
100 1# - MAIN ENTRY--PERSONAL NAME
Personal name Trott, Paul.
245 10 - TITLE STATEMENT
Title Innovation management and new product development /
Statement of responsibility, etc Paul Trott.
250 ## - EDITION STATEMENT
Edition statement 4th ed.
260 ## - PUBLICATION, DISTRIBUTION, ETC. (IMPRINT)
Place of publication, distribution, etc Harlow, England ;
-- New York :
Name of publisher, distributor, etc Financial Times/Prentice Hall,
Date of publication, distribution, etc 2008.
300 ## - PHYSICAL DESCRIPTION
Extent xxvii, 581 p. :
Other physical details ill. ;
Dimensions 25 cm.
504 ## - BIBLIOGRAPHY, ETC. NOTE
Bibliography, etc Includes bibliographical references and index.
650 #0 - SUBJECT ADDED ENTRY--TOPICAL TERM
Topical term or geographic name as entry element Technological innovations
General subdivision Management.
650 #0 - SUBJECT ADDED ENTRY--TOPICAL TERM
Topical term or geographic name as entry element Industrial management.
650 #0 - SUBJECT ADDED ENTRY--TOPICAL TERM
Topical term or geographic name as entry element Product management.
856 41 - ELECTRONIC LOCATION AND ACCESS
Materials specified Table of contents only
Uniform Resource Identifier <a href="http://www.loc.gov/catdir/toc/ecip085/2007048699.html">http://www.loc.gov/catdir/toc/ecip085/2007048699.html</a>
906 ## - LOCAL DATA ELEMENT F, LDF (RLIN)
a 7
b cbc
c orignew
d 1
e ecip
f 20
g y-gencatlg
942 ## - ADDED ENTRY ELEMENTS (KOHA)
Source of classification or shelving scheme
Koha item type Book
Holdings
Withdrawn status Lost status Source of classification or shelving scheme Damaged status Not for loan Home library Current library Shelving location Date acquired Total Checkouts Full call number Barcode Date last seen Copy number Price effective from Koha item type
          Riara University Library Riara University Library General stack 18/08/2016   HD45.T76 2008 7384/16 18/08/2016 C.1 18/08/2016 Book

Riara University Library,
P.O. Box 49940-00100,
Nairobi, Kenya.